Представление документа в формате RUSMARC

ПолеНазваниеЗначение
  Тип записи c
  Библиографический уровень m
001 Контрольный номер RU/УОНБ/EK_N/606134113
005 Дата корректировки 20240131005117.5
100 Данные общей обработки __
a Данные общей обработки 20190317d2019 u y0rusy0189||||ba
101 Язык документа 0_
a Язык текста ger
102 Страна публикации __
a Страна публикации DE
105 Кодированные данные (монография) __
a Кодированные данные (монография) y###||||000|y
200 Заглавие и сведения об ответственности 1_
a Заглавие Meister fur die Jugend
b Общее обозначение материала Ноты
d Параллельное заглавие [Мастера для юношества]
e Сведения, относящиеся к заглавию Beruhmte Stucke fur Violoncello und Klavier = [попул. пьесы для в-чели и фп.]
f Первые сведения об ответственности Bearbeitet und hrgs. von Georg Goltermann
210 Выходные данные 1_
a Место издания Frankfurt
c Издательство C. F. Peters
215 Физическое описание __
d Формат 30 см
225 Серия 1_
a Серия Edition Peters
300 Общие примечания __
a Общие примечания Обл. парал. нем., англ. и фр. яз.
686 Индексы других классификаций __
a Классификационный индекс 85
2 Код системы rubbk
702 Вторичная интеллектуальная ответственность _1
a Фамилия Goltermann
b Имя (инициалы) G.
4 Код отношения 030
4 Код отношения 340
801 Источник записи _0
a Страна RU
b Организация Ульяновская ОНБ
c Дата составления 20190317
g Правила каталогизации RCR
801 Источник записи _1
a Страна RU
b Организация Ульяновская ОНБ
c Дата составления 20190317
g Правила каталогизации RCR
901 Тип документа __
t Тип документа v
909 Создатель записи __
a Создатель записи Грязнова И. Е.
938 Служебная информация __
a Имя БД noti
b Имя библиотеки УОНБ
c Имя АИБС МАРК-SQL
d Номер DOC_ID в БД 20256